Normal view
MARC view
Entry Personal Name
001 - CONTROL NUMBER
- control field: 30556
003 - CONTROL NUMBER IDENTIFIER
- control field: OSt
005 - DATE AND TIME OF LATEST TRANSACTION
- control field: 20260619122729.0
008 - FIXED-LENGTH DATA ELEMENTS
- fixed length control field: 260619|| aca||aabn | a|a d
040 ## - CATALOGING SOURCE
- Original cataloging agency: OSt
- Transcribing agency: OSt
100 ## - HEADING--PERSONAL NAME
- Personal name: Fountas Irene C. & Gay Su Pinnell
670 ## - SOURCE DATA FOUND
- Source citation: Work cat.: (OSt)24927: Fountas Irene C. & Gay Su Pinnell., Guiding Readers and Writers (Grades 3-6), 2001.
